[Event "Titled Tuesday intern op 26th Sep Late"]
[Site "Chess.com INT"]
[Date "2023.09.26"]
[Round "1"]
[White "Maatman, Nick"]
[Black "Tinmaz, Kerem"]
[Result "1-0"]
[WhiteElo "2387"]
[BlackElo "2106"]
[PlyCount "83"]
[EventDate "2023.09.26"]
[EventType "swiss (blitz)"]
[EventRounds "11"]
[EventCountry "USA"]
[SourceTitle "EXT 2024"]
[Source "ChessBase"]
[SourceDate "2023.10.10"]
[SourceVersion "1"]
[SourceVersionDate "2023.10.10"]
[SourceQuality "1"]

1. d4 d5 2. c4 c6 3. Nf3 Nf6 4. g3 Bf5 5. Nc3 e6 6. Qb3 Qb6 7. c5 Qxb3 8. axb3 Na6 9. Bg2 Nb4 10. 0-0 Be7 11. Bf4 0-0 12. Ra4 Na6 13. Ne5 Nh5 14. Nxc6 bxc6 15. Rxa6 Nxf4 16. gxf4 Rfc8 17. b4 Bf6 18. Rd1 Rab8 19. b5 cxb5 20. Rxa7 b4 21. Na4 Bc2 22. Rd2 Ra8 23. Rxa8 Rxa8 24. Rxc2 Rxa4 25. e3 Kf8 26. Bf1 Ke7 27. Kg2 Kd8 28. Kf3 Kc7 29. Bb5 Ra2 30. Be8 b3 31. Rd2 Bh4 32. Bxf7 Kd7 33. f5 exf5 34. Bxd5 g5 35. Bxb3 Ra1 36. Bg8 g4+ 37. Kg2 h5 38. Bf7 Bg5 39. Bxh5 f4 40. Bxg4+ Kc6 41. Bf3+ Kd7 42. e4 1-0

[Event "Titled Tuesday intern op 26th Sep Late"]
[Site "Chess.com INT"]
[Date "2023.09.26"]
[Round "2"]
[White "Nakamura, Hikaru"]
[Black "Maatman, Nick"]
[Result "1-0"]
[WhiteElo "2780"]
[BlackElo "2387"]
[PlyCount "39"]
[EventDate "2023.09.26"]
[EventType "swiss (blitz)"]
[EventRounds "11"]
[EventCountry "USA"]
[SourceTitle "EXT 2024"]
[Source "ChessBase"]
[SourceDate "2023.10.10"]
[SourceVersion "1"]
[SourceVersionDate "2023.10.10"]
[SourceQuality "1"]

1. e4 e6 2. d3 d5 3. Nd2 Nf6 4. Ngf3 Be7 5. g3 dxe4 6. dxe4 b6 7. Bg2 Bb7 8. Qe2 Ba6 9. c4 Nc6 10. e5 Nd7 11. 0-0 0-0 12. Rd1 Qc8 13. a3 Bb7 14. h4 a5 15. Nf1 Nc5 16. Bg5 h6 17. Bf4 Nb3 18. Rab1 Nbd4 19. Nxd4 Nxd4 20. Rxd4 1-0

[Event "Bruges Masters op"]
[Site "Bruges"]
[Date "2023.08.16"]
[Round "7"]
[White "Maatman, Nick"]
[Black "Balje, Jan"]
[Result "1-0"]
[WhiteElo "2362"]
[BlackElo "2127"]
[PlyCount "103"]
[EventDate "2023.08.12"]
[EventType "swiss"]
[EventRounds "9"]
[EventCountry "BEL"]
[SourceTitle "CBM 215 Extra"]
[Source "ChessBase"]
[SourceDate "2023.09.30"]
[SourceVersion "1"]
[SourceVersionDate "2023.09.30"]
[SourceQuality "1"]

1. e4 c6 2. d4 d5 3. e5 Bf5 4. Nf3 e6 5. Be2 c5 6. Be3 Qb6 7. Nc3 Nc6 8. 0-0 Qxb2 9. Qe1 cxd4 10. Bxd4 Nxd4 11. Nxd4 Bb4 12. Ndb5 Ba5 13. Rb1 Qxc2 14. Rc1 Qb2 15. Nd6+ Kf8 16. Nxf5 exf5 17. Na4 Bxe1 18. Nxb2 Ba5 19. Rc5 Bb6 20. Rxd5 Rd8 21. Rfd1 Rxd5 22. Rxd5 Ke7 23. Bb5 Nh6 24. Rd7+ Ke6 25. Nc4 Bc5 26. Rxb7 Ng4 27. Kf1 Nxe5 28. Nxe5 Kxe5 29. Rxf7 g6 30. g3 Ke6 31. Bc4+ Kd6 32. f4 Bd4 33. Kg2 h6 34. Kf1 Rc8 35. Bb3 Rc7 36. Rf8 Re7 37. Rg8 Bg7 38. h4 Kd7 39. Ba4+ Ke6 40. Bb3+ Kd6 41. Kg2 Kd7 42. Kh3 Kd6 43. a4 Kc5 44. Bc2 Kb4 45. Rb8+ Ka5 46. Rb5+ Ka6 47. h5 Re2 48. Bd3 Rd2 49. Rd5+ Kb6 50. hxg6 Kc6 51. Rd8 Bf6 52. Bb5+ 1-0

[Event "Titled Tuesday intern op 13th Jun Early"]
[Site "Chess.com INT"]
[Date "2023.06.13"]
[Round "8"]
[White "Maatman, Nick"]
[Black "Galchenko, Matvey"]
[Result "0-1"]
[WhiteElo "2362"]
[BlackElo "2438"]
[PlyCount "57"]
[EventDate "2023.06.13"]
[EventType "swiss (blitz)"]
[EventRounds "11"]
[EventCountry "USA"]
[SourceTitle "EXT 2024"]
[Source "ChessBase"]
[SourceDate "2023.10.10"]
[SourceVersion "1"]
[SourceVersionDate "2023.10.10"]
[SourceQuality "1"]

1. d4 Nf6 2. c4 c5 3. d5 e6 4. Nf3 exd5 5. cxd5 d6 6. e4 g6 7. Bd3 Bg7 8. h3 0-0 9. 0-0 Re8 10. Re1 a6 11. a4 Nbd7 12. Nc3 Nh5 13. Bg5 Bf6 14. Be3 Ne5 15. Nxe5 Bxe5 16. f4 Nxf4 17. Bf1 Qf6 18. Kh1 Nh5 19. Qf3 Bd7 20. a5 Qh4 21. Bd3 Re7 22. Ne2 Rae8 23. Rab1 Bb5 24. Bxb5 axb5 25. Bf2 Qf6 26. b4 c4 27. Rbc1 Bb2 28. Rc2 Rxe4 29. g4 0-1

[Event "Titled Tuesday intern op 13th Jun Early"]
[Site "Chess.com INT"]
[Date "2023.06.13"]
[Round "2"]
[White "Player, Edmund C"]
[Black "Maatman, Nick"]
[Result "0-1"]
[WhiteElo "2204"]
[BlackElo "2362"]
[PlyCount "58"]
[EventDate "2023.06.13"]
[EventType "swiss (blitz)"]
[EventRounds "11"]
[EventCountry "USA"]
[SourceTitle "EXT 2024"]
[Source "ChessBase"]
[SourceDate "2023.10.10"]
[SourceVersion "1"]
[SourceVersionDate "2023.10.10"]
[SourceQuality "1"]

1. e4 c5 2. Nf3 d6 3. b3 Nf6 4. Nc3 g6 5. Bb2 Bg7 6. Bb5+ Bd7 7. Qe2 0-0 8. 0-0 Nc6 9. Bxc6 Bxc6 10. Rad1 e5 11. d3 Re8 12. h3 d5 13. exd5 Nxd5 14. Nxd5 Qxd5 15. Rfe1 Rad8 16. Bc1 h6 17. Be3 Kh7 18. Qf1 f5 19. Nh2 b6 20. Bc1 g5 21. f3 Qf7 22. Bb2 Qg6 23. Kh1 h5 24. Re2 g4 25. fxg4 hxg4 26. hxg4 fxg4 27. Qe1 g3 28. Nf3 Rf8 29. Bxe5 Bxf3 0-1

[Event "Titled Tuesday intern op 14th Mar Early"]
[Site "Chess.com INT"]
[Date "2023.03.14"]
[Round "2"]
[White "Maatman, Nick"]
[Black "Pourkashiyan, Atousa"]
[Result "1-0"]
[WhiteElo "2341"]
[BlackElo "2313"]
[PlyCount "95"]
[EventDate "2023.03.14"]
[EventType "swiss (blitz)"]
[EventRounds "11"]
[EventCountry "USA"]
[SourceTitle "EXT 2024"]
[Source "ChessBase"]
[SourceDate "2023.10.10"]
[SourceVersion "1"]
[SourceVersionDate "2023.10.10"]
[SourceQuality "1"]

1. d4 Nf6 2. c4 e6 3. g3 d5 4. Nf3 dxc4 5. Bg2 Nbd7 6. 0-0 c6 7. a4 a5 8. Qc2 b5 9. Bg5 Be7 10. Na3 Bxa3 11. bxa3 h6 12. Bxf6 Nxf6 13. Ne5 Nd5 14. Nxc6 Qb6 15. axb5 Qxb5 16. Ne5 0-0 17. Rab1 Qe8 18. Nxc4 Ba6 19. Nb6 Nxb6 20. Rxb6 Rc8 21. Bc6 Bxe2 22. Rc1 Qd8 23. Qb2 Bd3 24. Rb7 Rb8 25. Rxb8 Qxb8 26. Qxb8 Rxb8 27. Rc5 a4 28. Bxa4 Be4 29. Rc1 Ra8 30. Rc4 Bd5 31. Rb4 Rc8 32. Kf1 Rc1+ 33. Ke2 Ra1 34. Rb8+ Kh7 35. Bc2+ g6 36. a4 Ra2 37. Kd3 Ra3+ 38. Kd2 Ra2 39. Kc3 Ra3+ 40. Kb2 Rf3 41. a5 Rxf2 42. a6 Rxh2 43. a7 Be4 44. Rc8 h5 45. Kb3 Bd5+ 46. Kb4 Rg2 47. Bb3 Be4 48. d5 1-0